000 00742nas a2200265 4500
001 BR0804198
003 BR-BrBNA
005 20231205111754.0
007 ta
008 230509b bl.|||p| |||| 00| 00por d
040 _aBR-BrBNA
_bpor
_cBiblioteca Nacional de Agricultura
041 _a(Pt)
072 _aL70
100 1 _aCouturier, L.
100 1 _aCheuiche, A.J. de V.
245 1 _aUm caso de ruptura da bexiga em um cão acidentado
650 _aCÃO
650 _aACIDENTE
650 _aFRATURA
650 _aBEXIGA
650 _aRADIOGRAFIA
773 0 _tA Hora Veterinária (Brazil)
_xISSN 0101-9163
_g(Mar-Apr 2005), v. 24(144) p. 59-63
_wBR0804198
909 _a202311
_bLúcia
_c55
_dLúcia Elande
942 _2AGRIS
_n0
_cANA
999 _c194412
_d194412